| 000 | 01274cim a22003858i 4500 | ||
|---|---|---|---|
| 001 | 63826 | ||
| 005 | 20200226102343.0 | ||
| 007 | sd ||||||||||| | ||
| 008 | 180410s2018 sw | |||||||||| f swe|d | ||
| 020 |
_a9789176299869 _qMP3 CD |
||
| 035 | _a(BOKR)9789176299869 | ||
| 035 | _a(SE-LIBR)22547852 | ||
| 041 | _aswe | ||
| 100 | 1 |
_aOlséni, Christina _4aut |
|
| 245 | 1 | 4 | _aEtt lik i garderoben |
| 263 | _a201810 | ||
| 264 | 1 |
_bBokfabriken, _c2018 |
|
| 300 |
_a7 tim., 19 min. _c12.3 cm |
||
| 336 |
_aspoken word _bspw _bspw _2rdacontent _2rdacontent |
||
| 337 |
_aaudio _bs _bs _2rdamedia _2rdamedia |
||
| 338 |
_aaudio disc _aaudio disc _bd _bsd _bd _bd _bsd _2rdacarrier _2rdacarrier _2rdacarrier _2rdacarrier _2rdacarrier |
||
| 340 | _b12.3 cm | ||
| 490 | 0 |
_aEster Karlsson med K _v2 |
|
| 600 |
_aKarlsson, Ester _c(fiktiv gestalt) |
||
| 655 | 7 |
_aLjudböcker _0https://id.kb.se/term/saogf/Ljudb%C3%B6cker _2saogf |
|
| 700 | 1 |
_aHansen, Micke _4aut |
|
| 700 | 1 |
_aSkoog, Helge _4nrt |
|
| 955 | _6655 | ||
| 955 | _6655 | ||
| 955 | _6655 | ||
| 955 | _6655 | ||
| 955 | _6655 | ||
| 955 | _6655 | ||
| 999 |
_c2447 _d2447 |
||